000 02449cam a2200337 i 4500
003 SA-RiAUC
005 20251006091127.0
008 251004s1987 mr g 01000cara c
024 0 _a00000000980986
040 _aSA-RiAUC
_bara
_cSA-RiAUC
_dAE-DuMBRL
_erda
043 _af-mr---
050 4 _bB85 1987
082 0 4 _a920.06431
_qSA-RiAUC
090 _a920.06431
_bب و ج
100 1 _aبوجندار، محمد بن مصطفى،
_d1890-1926
_eمؤلف.
245 1 2 _aالاغتباط بتراجم أعلام الرباط /
_cلمؤلفه محمد بن ج مصطفى بوجندار ؛ دراسة وتحقيق للدكتور عبد الكريم كريم.
264 1 _aالرباط :
_b[الناشر غير محدد]،
_c1987.
264 3 _aالرباط :
_bمطابع الأطلسي
300 _a479 صفحة ؛
_c22 × 14 سم
336 _aنص
_btxt
_2rdacontent
_3كتاب
337 _aبدون وسيط
_bn
_2rdamedia
338 _aمجلد
_bnc
_2rdacarrier
500 _aبمناسبة الذكرى المئوية لميلاد المؤرخ الرياط محمد بوجندار.
520 _aيتناول كتاب (الاغتباط بتراجم أعلام الرباط) والذي قام بتأليفه محمد بن ج مصطفى بوجندار، موضوع (أعلام الرباط) هذا الكتاب الذي صنفه خديم العلم والأدب، ونشر فيه أخبار من ذهب العلامة محمد بن مصطفى بوجندار بلغه الله مناه في دار القرار ورزقه الحسنى وزيادة فنعم عقبى الدار. وقد شرع بوجندار بالتقديم للاغتباط بمقدمة تأريخية يعرف فيها بمدينة الرباط، ماضيها وحاضرها وما تعاقب عليها من دول وحضارات، وما وقع فيها من حوادث ومهمات حتى تشعب به البحث وتفرقت به السبل، فاسترسل في الكلام قبل الشروع في تراجم الأعلام.
651 7 _aالرباط (المغرب)
_vتراجم
_2aucsh
700 1 _aكريم، عبد الكريم
_eمحقق.
856 4 _uhttps://catalog.loc.gov/vwebv/staffView?searchId=9212&recPointer=3&recCount=25&bibId=4799903
942 _2ddc
_cBOOK
_n0
949 _aSA-JeALM
_d251004
_umohamedma123
_n1
999 _c12425
_d12425